C++: A beginner's guide

Đã lưu trong:
书目详细资料
主要作者: Schildt, Herbert
格式: 图书
语言:Undetermined
出版: New York McGraw-Hill 2002
主题:
标签: 添加标签
没有标签, 成为第一个标记此记录!
Thư viện lưu trữ: Trung tâm Học liệu Trường Đại học Cần Thơ
LEADER 00525nam a2200205Ia 4500
001 CTU_61363
008 210402s9999 xx 000 0 und d
020 |b 372000 
082 |a 005.133 
082 |b S334 
100 |a Schildt, Herbert 
245 0 |a C++: 
245 2 |b A beginner's guide 
245 0 |c Herbert Schildt 
260 |a New York 
260 |b McGraw-Hill 
260 |c 2002 
650 |a C++ ( computer program language ) 
904 |i Minh, Năm 
980 |a Trung tâm Học liệu Trường Đại học Cần Thơ